| 000 | 00366 a2200133 4500 | ||
|---|---|---|---|
| 082 | _a355.0095491 | ||
| 090 |
_c6879 _d6879 |
||
| 100 | _aRiza, Shaukat | ||
| 245 |
_aThe Pakistan army 1966-71 _cShaukat Riza |
||
| 260 |
_aLahore _bWajidalis private limited _c1990 |
||
| 300 |
_a240p.: _bill. ; _c27cm. |
||
| 650 | _aPakistan. Army --History. | ||
| 942 |
_cBK _k355.0095491 RIZ |
||
| 999 |
_c10701 _d10701 |
||